| 000 | 00521nam a2200193Ia 4500 | ||
|---|---|---|---|
| 003 | BUBTL | ||
| 008 | 151213s9999 xx 000 0 und d | ||
| 020 | _a0-256-26331-0 | ||
| 082 | _a330.91732SUU | ||
| 100 |
_aO'Sullivan,Arthur _91505 |
||
| 245 |
_aUrban Economics : _cArthor O'Sullivan |
||
| 250 | _a4th ed. | ||
| 260 |
_aBoston : _bIrwin McGraw Hill, _cc2000. |
||
| 300 |
_axxvii,740 p. : _c21 cm. |
||
| 650 | _aEconomics | ||
| 856 |
_k0 _l0 _yDownload |
||
| 942 |
_2ddc _cBK |
||
| 999 |
_c4779 _d4779 |
||